[Event "20. Abierto de la Constitucion 2018"]
[Site "S. S. de los Reyes ESP"]
[Date "2018.12.01"]
[Round "1.22"]
[White "Camarero Izquierdo, Juan Carlos"]
[Black "Mochon Bernal, Jorge"]
[Result "1-0"]
[WhiteElo "1922"]
[BlackElo "1439"]
[PlyCount "89"]
[EventDate "2018.12.01"]
[EventType "swiss"]
[EventRounds "9"]
[EventCountry "ESP"]
[SourceTitle "Ajedrez en Madrid"]
[Source "lmi"]
[SourceDate "2018.12.01"]

1. d4 b6 2. Nc3 Bb7 3. e4 Nf6 4. Bd3 e6 5. Bg5 Be7 6. Nf3 d6 7. Qe2 Nbd7 8.
O-O-O a6 9. Kb1 b5 10. e5 Nd5 11. Nxd5 Bxd5 12. h4 b4 13. Be4 Nb6 14. Bd2 Bxe4
15. Qxe4 Nd5 16. Qg4 Rg8 17. Ng5 Bxg5 18. hxg5 Qb8 19. Rxh7 Nc3+ 20. Bxc3 bxc3
21. b3 Qb4 22. Rd3 dxe5 23. Qf3 Ke7 24. Rxc3 Qa5 25. Rc5 Qb6 26. Qc3 exd4 27.
Qxd4 Rad8 28. Qc3 Rd7 29. f4 Qd6 30. g3 Qb6 31. Kb2 Kd6 32. Rc4 c5 33. Rxg7
Rxg7 34. Qxg7 a5 35. Qe5+ Kc6 36. g6 fxg6 37. Qxe6+ Rd6 38. Qc8+ Kd5 39. Qa8+
Ke6 40. g4 Kf7 41. Qh8 Qc6 42. Qh7+ Ke8 43. f5 gxf5 44. Qxf5 Rd1 45. Rxc5 1-0

[Event "20. Abierto de la Constitucion 2018"]
[Site "S. S. de los Reyes ESP"]
[Date "2018.12.01"]
[Round "1.23"]
[White "Munoz Gonzalez, Martin"]
[Black "Hernandez Ramos, Alberto"]
[Result "0-1"]
[WhiteElo "1414"]
[BlackElo "1917"]
[PlyCount "42"]
[EventDate "2018.12.01"]
[EventType "swiss"]
[EventRounds "9"]
[EventCountry "ESP"]
[SourceTitle "Ajedrez en Madrid"]
[Source "lmi"]
[SourceDate "2018.12.01"]

1. e4 e5 2. Nf3 Nc6 3. Nc3 Bc5 4. Bc4 Nf6 5. d3 h6 6. O-O d6 7. a3 Bg4 8. Bb5
O-O 9. Bxc6 bxc6 10. h3 Bh5 11. Re1 Re8 12. Be3 Bxe3 13. Rxe3 Rb8 14. b3 d5 15.
Nb1 dxe4 16. g4 Bg6 17. Ne1 Nd5 18. Rg3 exd3 19. Nxd3 e4 20. Nc1 Qf6 21. Ne2
Qxa1 0-1

[Event "20. Abierto de la Constitucion 2018"]
[Site "S. S. de los Reyes ESP"]
[Date "2018.12.01"]
[Round "1.24"]
[White "Lopez de Turiso, Jose Angel"]
[Black "Medina Balenciaga, Patricio"]
[Result "1-0"]
[WhiteElo "1913"]
[BlackElo "1408"]
[PlyCount "105"]
[EventDate "2018.12.01"]
[EventType "swiss"]
[EventRounds "9"]
[EventCountry "ESP"]
[SourceTitle "Ajedrez en Madrid"]
[Source "lmi"]
[SourceDate "2018.12.01"]

1. d4 d5 2. c4 e6 3. Nc3 Nf6 4. cxd5 Nxd5 5. e4 Nb6 6. Nf3 c5 7. Be3 Nc6 8.
dxc5 Qxd1+ 9. Rxd1 Nd7 10. Nb5 Kd8 11. Nd6 Bxd6 12. cxd6 e5 13. Ng5 Ke8 14. Bc4
h6 15. Nxf7 Rf8 16. Nxh6 gxh6 17. Bxh6 Rh8 18. Be3 Nb4 19. Rd2 Nf6 20. f3 Bd7
21. O-O Rc8 22. Bb3 Bb5 23. Rfd1 a6 24. a3 Bc4 25. Bxc4 Rxc4 26. axb4 Nd7 27.
b5 axb5 28. Ra1 Kf7 29. Ra7 Rb8 30. Rd5 Ke6 31. Rxb5 Kxd6 32. Raxb7 Rxb7 33.
Rxb7 Kc6 34. Rb3 Kd6 35. h4 Rc8 36. g4 Rf8 37. Kg2 Nf6 38. Rb6+ Kc7 39. Bc5 Rf7
40. Ra6 Nd7 41. Be3 Kb7 42. Re6 Kc7 43. h5 Rg7 44. h6 Rh7 45. Rg6 Rh8 46. g5
Nf8 47. Rg7+ Kd6 48. b4 Ne6 49. Bc5+ Nxc5 50. bxc5+ Kxc5 51. h7 Kd6 52. g6 Ke6
53. Rg8 1-0

[Event "20. Abierto de la Constitucion 2018"]
[Site "S. S. de los Reyes ESP"]
[Date "2018.12.01"]
[Round "1.25"]
[White "Lopez Sanz, David"]
[Black "Marcos Herrero, Francisco"]
[Result "0-1"]
[WhiteElo "1395"]
[BlackElo "1889"]
[PlyCount "52"]
[EventDate "2018.12.01"]
[EventType "swiss"]
[EventRounds "9"]
[EventCountry "ESP"]
[SourceTitle "Ajedrez en Madrid"]
[Source "lmi"]
[SourceDate "2018.12.01"]

1. e4 c5 2. Nc3 g6 3. Nge2 Bg7 4. g3 Nc6 5. Bg2 d6 6. d3 Nf6 7. O-O O-O 8. f4
Rb8 9. Be3 Ng4 10. Bd2 f5 11. h3 Nf6 12. Be3 Bd7 13. d4 cxd4 14. Nxd4 Nxe4 15.
Nxe4 fxe4 16. Bxe4 Bxh3 17. Rf2 d5 18. Rh2 dxe4 19. c3 Nxd4 20. cxd4 Qd7 21.
Qd2 Bg4 22. Qb4 e6 23. Rh4 Bf3 24. g4 a5 25. Qd2 Rbc8 26. Rf1 Rfd8 0-1

[Event "20. Abierto de la Constitucion 2018"]
[Site "S. S. de los Reyes ESP"]
[Date "2018.12.01"]
[Round "1.26"]
[White "Anton Quevedo, Andrea"]
[Black "Martin Rodriguez, Jose Luis"]
[Result "1-0"]
[WhiteElo "1876"]
[BlackElo "1270"]
[PlyCount "55"]
[EventDate "2018.12.01"]
[EventType "swiss"]
[EventRounds "9"]
[EventCountry "ESP"]
[SourceTitle "Ajedrez en Madrid"]
[Source "lmi"]
[SourceDate "2018.12.01"]

1. e4 e6 2. d4 d5 3. Bd3 dxe4 4. Bxe4 Nf6 5. Bf3 Bd6 6. Ne2 Nc6 7. O-O O-O 8.
Nbc3 a6 9. Be3 Bd7 10. Ng3 Rb8 11. Nge4 Be7 12. Qe2 Nb4 13. a3 Nbd5 14. Nxf6+
Nxf6 15. Qc4 Bd6 16. Rad1 c6 17. Bg5 h6 18. Bh4 g5 19. Bg3 Bxg3 20. fxg3 Qb6
21. b3 e5 22. Na4 Qc7 23. Nc5 Bf5 24. dxe5 Qxe5 25. Rfe1 Qc7 26. g4 Bg6 27. Qd4
Qf4 28. Qxf4 1-0

[Event "20. Abierto de la Constitucion 2018"]
[Site "S. S. de los Reyes ESP"]
[Date "2018.12.01"]
[Round "1.27"]
[White "Luque Sanz, Victor"]
[Black "Largo Barbero, Benito"]
[Result "0-1"]
[WhiteElo "1236"]
[BlackElo "1866"]
[PlyCount "46"]
[EventDate "2018.12.01"]
[EventType "swiss"]
[EventRounds "9"]
[EventCountry "ESP"]
[SourceTitle "Ajedrez en Madrid"]
[Source "lmi"]
[SourceDate "2018.12.01"]

1. e4 d6 2. d4 g6 3. Nf3 Bg7 4. Bc4 e6 5. O-O Ne7 6. Bg5 h6 7. Be3 a6 8. Nc3 b5
9. Bd3 Bb7 10. Re1 Nd7 11. Qd2 Rc8 12. Rad1 g5 13. Be2 Ng6 14. d5 e5 15. g3 g4
16. Nh4 Nxh4 17. gxh4 Qxh4 18. f3 g3 19. hxg3 Qxg3+ 20. Kh1 Bf6 21. Rf1 Qh3+
22. Kg1 Rg8+ 23. Kf2 Qg3# 0-1

[Event "20. Abierto de la Constitucion 2018"]
[Site "S. S. de los Reyes ESP"]
[Date "2018.12.01"]
[Round "1.28"]
[White "Minguela Munoz, Bienvenido"]
[Black "Diez Cuarental, Luis"]
[Result "1-0"]
[WhiteElo "1792"]
[BlackElo "1233"]
[PlyCount "43"]
[EventDate "2018.12.01"]
[EventType "swiss"]
[EventRounds "9"]
[EventCountry "ESP"]
[SourceTitle "Ajedrez en Madrid"]
[Source "lmi"]
[SourceDate "2018.12.01"]

1. Nf3 d5 2. d4 Bf5 3. c4 e6 4. Nc3 Nf6 5. Bg5 Be7 6. cxd5 Nxd5 7. Bxe7 Nxe7 8.
e4 Bg6 9. Qb3 b6 10. a4 O-O 11. Rd1 c6 12. Be2 Nc8 13. e5 Re8 14. O-O Nd7 15.
Rfe1 f6 16. exf6 Qxf6 17. Bc4 Bf7 18. Ne4 Qh6 19. Neg5 Nd6 20. Nxf7 Kxf7 21.
Bxe6+ Rxe6 22. Rxe6 1-0

[Event "20. Abierto de la Constitucion 2018"]
[Site "S. S. de los Reyes ESP"]
[Date "2018.12.01"]
[Round "1.29"]
[White "Diaz Guzman, David"]
[Black "Gomez Logrosan, Cristian"]
[Result "0-1"]
[WhiteElo "1126"]
[BlackElo "1790"]
[PlyCount "52"]
[EventDate "2018.12.01"]
[EventType "swiss"]
[EventRounds "9"]
[EventCountry "ESP"]
[SourceTitle "Ajedrez en Madrid"]
[Source "lmi"]
[SourceDate "2018.12.01"]

1. e4 c5 2. Nf3 d6 3. d4 cxd4 4. Nxd4 Nf6 5. Nc3 a6 6. Be3 e5 7. Nb3 Be6 8. Be2
Be7 9. Qd2 O-O 10. O-O-O Nbd7 11. f4 b5 12. a3 Qc7 13. Kb1 Rab8 14. h3 b4 15.
axb4 Qb7 16. Nd5 Bxd5 17. exd5 Ne4 18. Qd3 Ng3 19. Rhg1 Nxe2 20. Qxe2 Qxb4 21.
fxe5 Nxe5 22. Qxa6 Ra8 23. Qb6 Qa4 24. Kc1 Nc4 25. Qd4 Qa1+ 26. Nxa1 Rxa1# 0-1

[Event "20. Abierto de la Constitucion 2018"]
[Site "S. S. de los Reyes ESP"]
[Date "2018.12.02"]
[Round "2.1"]
[White "Gallardo Garcia, Andres"]
[Black "Bello Burguet, Glenier Lazaro"]
[Result "1-0"]
[WhiteElo "2331"]
[BlackElo "1947"]
[PlyCount "61"]
[EventDate "2018.12.01"]
[EventType "swiss"]
[EventRounds "9"]
[EventCountry "ESP"]
[SourceTitle "Ajedrez en Madrid"]
[Source "lmi"]
[SourceDate "2018.12.01"]

1. d4 d5 2. c4 e6 3. Nc3 Nf6 4. Bg5 Be7 5. e3 h6 6. Bh4 O-O 7. Nf3 Ne4 8. Bxe7
Qxe7 9. Rc1 c6 10. Bd3 Nxc3 11. Rxc3 dxc4 12. Bxc4 Nd7 13. O-O e5 14. Bb3 e4
15. Nd2 c5 16. Qc2 cxd4 17. Rc7 dxe3 18. fxe3 Qg5 19. Nxe4 Qxe3+ 20. Kh1 Kh8
21. Nd6 Ne5 22. Nxc8 Rd8 23. Ne7 Ng4 24. h3 Nf6 25. Nf5 Qg5 26. Rf2 g6 27. Nxh6
Qxh6 28. Rxf6 Qh4 29. Qc3 Rd4 30. Rfxf7 Rad8 31. Qxd4+ 1-0

[Event "20. Abierto de la Constitucion 2018"]
[Site "S. S. de los Reyes ESP"]
[Date "2018.12.02"]
[Round "2.2"]
[White "Bartolome Martin, Angel"]
[Black "Lianes Garcia, Marcos"]
[Result "0-1"]
[WhiteElo "1950"]
[BlackElo "2330"]
[PlyCount "108"]
[EventDate "2018.12.01"]
[EventType "swiss"]
[EventRounds "9"]
[EventCountry "ESP"]
[SourceTitle "Ajedrez en Madrid"]
[Source "lmi"]
[SourceDate "2018.12.01"]

1. e4 c5 2. Nc3 Nc6 3. Nf3 g6 4. d4 cxd4 5. Nxd4 Bg7 6. Be3 Nf6 7. Bc4 O-O 8.
Bb3 Re8 9. O-O d6 10. f3 Bd7 11. Nd5 Nxd5 12. Bxd5 Rc8 13. c3 e6 14. Nxc6 Bxc6
15. Bb3 a5 16. a4 d5 17. exd5 exd5 18. Bd4 Bxd4+ 19. Qxd4 Re2 20. Rf2 Qe7 21.
Rxe2 Qxe2 22. Qf2 Re8 23. Rf1 Qe5 24. Rd1 h5 25. h3 Re6 26. Qd2 Qg3 27. Qf2 Qf4
28. Qd2 Qg3 29. Qf2 Qe5 30. Qd2 Re7 31. Qf2 Kh7 32. Qd2 Qg3 33. Qf2 Qf4 34. Qd2
Qe5 35. Qf2 f5 36. Qd2 Qg3 37. Qf2 Qe5 38. Qd2 f4 39. Kf1 Qg5 40. Re1 Re3 41.
Rxe3 fxe3 42. Qd3 b6 43. Bc2 h4 44. Qe2 Bd7 45. Bd1 Qf4 46. Qe1 Bf5 47. Be2 g5
48. Qd1 Qg3 49. Kg1 Bxh3 50. Qd3+ Kh6 51. Bf1 Qf2+ 52. Kh2 Bxg2 53. Bxg2 e2 54.
Qf5 Qg3+ 0-1

[Event "20. Abierto de la Constitucion 2018"]
[Site "S. S. de los Reyes ESP"]
[Date "2018.12.02"]
[Round "2.3"]
[White "Quevedo Marin, Manuel"]
[Black "Vukotic Jovsic, Dragan"]
[Result "1/2-1/2"]
[WhiteElo "2199"]
[BlackElo "1935"]
[PlyCount "71"]
[EventDate "2018.12.01"]
[EventType "swiss"]
[EventRounds "9"]
[EventCountry "ESP"]
[SourceTitle "Ajedrez en Madrid"]
[Source "lmi"]
[SourceDate "2018.12.01"]

1. d4 d5 2. Nf3 Nf6 3. c4 e6 4. g3 Be7 5. Bg2 c6 6. O-O O-O 7. Qc2 b6 8. Nbd2
Bb7 9. b3 Nbd7 10. Bb2 dxc4 11. Qxc4 c5 12. Rad1 Rc8 13. Qd3 cxd4 14. Nc4 Be4
15. Qxd4 Bc5 16. Qd2 Nd5 17. Rc1 f6 18. Bh3 Re8 19. Nd4 Nf8 20. a3 a5 21. Rfd1
Qe7 22. f3 Bf5 23. Kg2 Bxh3+ 24. Kxh3 Red8 25. e4 Bxd4 26. Bxd4 e5 27. exd5
Rxd5 28. Qe2 Qe6+ 29. Kg2 Rxd4 30. Rxd4 exd4 31. Qd2 a4 32. Re1 Qc6 33. Qxd4
axb3 34. Nxb6 Qc2+ 35. Kg1 Qc5 36. Qxc5 1/2-1/2

[Event "20. Abierto de la Constitucion 2018"]
[Site "S. S. de los Reyes ESP"]
[Date "2018.12.02"]
[Round "2.4"]
[White "Vazquez Gonzalez, Jesus"]
[Black "Alfaya Marcelo, Roberto"]
[Result "1/2-1/2"]
[WhiteElo "1923"]
[BlackElo "2166"]
[PlyCount "73"]
[EventDate "2018.12.01"]
[EventType "swiss"]
[EventRounds "9"]
[EventCountry "ESP"]
[SourceTitle "Ajedrez en Madrid"]
[Source "lmi"]
[SourceDate "2018.12.01"]

1. c4 e5 2. g3 Nc6 3. Bg2 g6 4. Nc3 Bg7 5. e4 d6 6. Nge2 Nge7 7. O-O O-O 8. d3
Be6 9. h3 Qd7 10. Kh2 Rab8 11. Be3 Nd4 12. Bxd4 exd4 13. Nd5 c6 14. Ndf4 b5 15.
b3 Rb6 16. cxb5 Rxb5 17. Nxe6 fxe6 18. f4 a5 19. Rc1 Qa7 20. g4 a4 21. bxa4 Rb4
22. Rc4 Rxc4 23. dxc4 Rb8 24. f5 Be5+ 25. Kh1 exf5 26. exf5 Rf8 27. fxg6 Rxf1+
28. Qxf1 hxg6 29. Nf4 Qxa4 30. Ne6 Bg7 31. Ng5 d3 32. Qf7+ Kh8 33. Qe8+ Ng8 34.
Nf7+ Kh7 35. Ng5+ Kh6 36. Nf7+ Kh7 37. Ng5+ 1/2-1/2

[Event "20. Abierto de la Constitucion 2018"]
[Site "S. S. de los Reyes ESP"]
[Date "2018.12.02"]
[Round "2.6"]
[White "Hernandez Ramos, David"]
[Black "Lopez de Turiso, Jose Angel"]
[Result "1-0"]
[WhiteElo "2078"]
[BlackElo "1913"]
[PlyCount "75"]
[EventDate "2018.12.01"]
[EventType "swiss"]
[EventRounds "9"]
[EventCountry "ESP"]
[SourceTitle "Ajedrez en Madrid"]
[Source "lmi"]
[SourceDate "2018.12.01"]

1. d4 d5 2. c4 c6 3. cxd5 cxd5 4. Bf4 Nc6 5. Nc3 e6 6. e3 a6 7. Bd3 Nf6 8. Rc1
Bd6 9. Bxd6 Qxd6 10. f4 Bd7 11. Nf3 h6 12. Ne5 g5 13. Qf3 g4 14. Qf2 h5 15. Qh4
Qe7 16. O-O Ng8 17. Qf2 Nf6 18. a3 h4 19. Qe2 Rg8 20. b4 Rg7 21. Qc2 Kf8 22.
Na4 Be8 23. Nb6 Rb8 24. Qd2 Nh7 25. Qc2 Nxe5 26. dxe5 Kg8 27. f5 exf5 28. Nxd5
Qxe5 29. Rxf5 Qd6 30. Qc7 Qxc7 31. Rxc7 f6 32. Rxg7+ Kxg7 33. Rf4 Bd7 34. Bxh7
Bb5 35. Bf5 Rd8 36. Rxg4+ Kf7 37. e4 Rd6 38. Rxh4 1-0

[Event "20. Abierto de la Constitucion 2018"]
[Site "S. S. de los Reyes ESP"]
[Date "2018.12.02"]
[Round "2.7"]
[White "Hernandez Ramos, Alberto"]
[Black "Pindado Campos, Raul"]
[Result "1/2-1/2"]
[WhiteElo "1917"]
[BlackElo "2065"]
[PlyCount "59"]
[EventDate "2018.12.01"]
[EventType "swiss"]
[EventRounds "9"]
[EventCountry "ESP"]
[SourceTitle "Ajedrez en Madrid"]
[Source "lmi"]
[SourceDate "2018.12.01"]

1. e4 c5 2. Nf3 d6 3. d4 cxd4 4. Nxd4 Nf6 5. Nc3 g6 6. f3 Bg7 7. Be3 O-O 8. Qd2
Nc6 9. O-O-O d5 10. Kb1 Nxd4 11. Bxd4 dxe4 12. fxe4 Be6 13. Bxf6 exf6 14. Qxd8
Rfxd8 15. Be2 f5 16. exf5 Bxf5 17. Bf3 Bxc3 18. bxc3 Rdc8 19. Kb2 Rc7 20. Rhe1
Rac8 21. Re3 h5 22. Rd4 Be6 23. Bd5 Bxd5 24. Rxd5 Kf8 25. Kb3 Re8 26. Rdd3 Rxe3
27. Rxe3 Rc5 28. c4 Rf5 29. Re2 Rf1 30. Kb4 1/2-1/2

[Event "20. Abierto de la Constitucion 2018"]
[Site "S. S. de los Reyes ESP"]
[Date "2018.12.02"]
[Round "2.8"]
[White "Rodrigo Yanguas, Maria"]
[Black "Anton Quevedo, Andrea"]
[Result "1-0"]
[WhiteElo "2053"]
[BlackElo "1876"]
[PlyCount "45"]
[EventDate "2018.12.01"]
[EventType "swiss"]
[EventRounds "9"]
[EventCountry "ESP"]
[SourceTitle "Ajedrez en Madrid"]
[Source "lmi"]
[SourceDate "2018.12.01"]

1. e4 c5 2. Nf3 e6 3. d4 cxd4 4. Nxd4 a6 5. Be2 Nc6 6. O-O Nf6 7. Nxc6 bxc6 8.
e5 Nd5 9. c4 Nb6 10. Bf4 Be7 11. Nc3 O-O 12. Ne4 a5 13. Bd3 Ba6 14. Rc1 d5 15.
exd6 Bf6 16. Qh5 g6 17. Nxf6+ Qxf6 18. Be5 Qd8 19. Qh6 f6 20. Bd4 Nd7 21. Bxg6
hxg6 22. Qxg6+ Kh8 23. Rc3 1-0

[Event "20. Abierto de la Constitucion 2018"]
[Site "S. S. de los Reyes ESP"]
[Date "2018.12.02"]
[Round "2.9"]
[White "Marcos Herrero, Francisco"]
[Black "Aziz Ortego, Omar Luis"]
[Result "0-1"]
[WhiteElo "1889"]
[BlackElo "2053"]
[PlyCount "64"]
[EventDate "2018.12.01"]
[EventType "swiss"]
[EventRounds "9"]
[EventCountry "ESP"]
[SourceTitle "Ajedrez en Madrid"]
[Source "lmi"]
[SourceDate "2018.12.01"]

1. Nf3 c5 2. c4 Nf6 3. g3 d5 4. cxd5 Nxd5 5. Bg2 Nc6 6. Nc3 Nc7 7. O-O e5 8. d3
Be7 9. Be3 O-O 10. a3 f6 11. Qa4 Kh8 12. Rfc1 Bd7 13. Nd2 Rb8 14. Qd1 Nd4 15.
b4 cxb4 16. axb4 Bxb4 17. Rxa7 Bxc3 18. Rxc3 Ncb5 19. Bxd4 exd4 20. Rca3 Bc6
21. Bxc6 bxc6 22. Nc4 Qd5 23. e4 dxe3 24. Nxe3 Qe6 25. Qh5 f5 26. Qg5 Nxa7 27.
Rxa7 Rf7 28. Rxf7 Qxf7 29. Nxf5 Rf8 30. g4 g6 31. Ne3 Qxf2+ 32. Kh1 Re8 0-1

[Event "20. Abierto de la Constitucion 2018"]
[Site "S. S. de los Reyes ESP"]
[Date "2018.12.02"]
[Round "2.10"]
[White "Largo Barbero, Benito"]
[Black "Lin, Yingrui"]
[Result "0-1"]
[WhiteElo "1866"]
[BlackElo "2017"]
[PlyCount "82"]
[EventDate "2018.12.01"]
[EventType "swiss"]
[EventRounds "9"]
[EventCountry "ESP"]
[SourceTitle "Ajedrez en Madrid"]
[Source "lmi"]
[SourceDate "2018.12.01"]

1. Nc3 Nf6 2. d4 e6 3. a3 c5 4. Nf3 d5 5. Bf4 Bd6 6. Bxd6 Qxd6 7. e3 a6 8. g3
Nc6 9. Bg2 O-O 10. O-O Rd8 11. Ne2 e5 12. dxe5 Nxe5 13. Nxe5 Qxe5 14. c3 Bg4
15. Qc2 Rac8 16. h3 Bf5 17. Qa4 Be4 18. Rad1 Bxg2 19. Kxg2 Ne4 20. Ng1 h6 21.
Nf3 Qe6 22. Rd3 b5 23. Qd1 Rd6 24. b3 Rcd8 25. b4 c4 26. Rd4 Nxc3 27. Qc2 Ne4
28. Rdd1 Qg6 29. Rd4 Rf6 30. Nh4 Qg5 31. Nf3 Qf5 32. Nh4 Qe6 33. Nf3 Rd6 34.
Nd2 Ng5 35. Rh1 Qe7 36. Nb1 Ne6 37. Rd2 d4 38. exd4 Nxd4 39. Rxd4 Rxd4 40. Nc3
Qb7+ 41. Kh2 Qf3 0-1

[Event "20. Abierto de la Constitucion 2018"]
[Site "S. S. de los Reyes ESP"]
[Date "2018.12.02"]
[Round "2.11"]
[White "Romero Fite, Miguel"]
[Black "Perez Cameselle, Francisco"]
[Result "1-0"]
[WhiteElo "2003"]
[BlackElo "1783"]
[PlyCount "135"]
[EventDate "2018.12.01"]
[EventType "swiss"]
[EventRounds "9"]
[EventCountry "ESP"]
[SourceTitle "Ajedrez en Madrid"]
[Source "lmi"]
[SourceDate "2018.12.01"]

1. d4 f5 2. g3 Nf6 3. Bg2 g6 4. Nf3 Bg7 5. O-O O-O 6. c4 d6 7. Nc3 Nc6 8. d5
Ne5 9. Nxe5 dxe5 10. Qb3 Kh8 11. Bg5 h6 12. Bxf6 Bxf6 13. e4 Rb8 14. Rad1 Bd7
15. Rfe1 Qe8 16. c5 c6 17. Qc4 Qf7 18. b4 fxe4 19. Bxe4 Bf5 20. Qb3 Bxe4 21.
Nxe4 Rbd8 22. d6 Qxb3 23. axb3 Kg7 24. Re2 Kf7 25. Red2 Ke6 26. Kg2 a6 27. Rd3
g5 28. h3 h5 29. Kf1 g4 30. h4 Rfe8 31. Ke2 Rg8 32. Ke3 Rge8 33. Nc3 exd6 34.
Rxd6+ Rxd6 35. Rxd6+ Kf7 36. Ne4 Re6 37. Rd7+ Re7 38. Nd6+ Ke6 39. Rxe7+ Bxe7
40. Nxb7 Kd5 41. Na5 Bf6 42. Nc4 e4 43. Nb6+ Ke6 44. Na8 Kd7 45. Nb6+ Ke6 46.
Na8 Kd7 47. Kxe4 Bc3 48. Kf5 Bxb4 49. Nb6+ Kc7 50. Na4 Be1 51. Kg5 Bxf2 52.
Kxh5 Bxg3 53. Kxg4 Bf2 54. h5 Kd7 55. Kf5 Bd4 56. h6 Ke7 57. Kg6 Ke6 58. h7 Ke7
59. b4 Ke6 60. Nb6 Bc3 61. Nc4 Bh8 62. Na5 Kd5 63. Kf7 Kd4 64. Nxc6+ Kc4 65.
Kg8 Bf6 66. Kf7 Bc3 67. Ke6 Kb5 68. Ne5 1-0

[Event "20. Abierto de la Constitucion 2018"]
[Site "S. S. de los Reyes ESP"]
[Date "2018.12.02"]
[Round "2.12"]
[White "Paarup, Torsten"]
[Black "Chidichimo, Pedro Jose Maria"]
[Result "1/2-1/2"]
[WhiteElo "1989"]
[BlackElo "1772"]
[PlyCount "74"]
[EventDate "2018.12.01"]
[EventType "swiss"]
[EventRounds "9"]
[EventCountry "ESP"]
[SourceTitle "Ajedrez en Madrid"]
[Source "lmi"]
[SourceDate "2018.12.01"]

1. e4 d5 2. exd5 Qxd5 3. Nf3 Bg4 4. Be2 Nf6 5. d4 e6 6. O-O c6 7. c4 Qa5 8. Bf4
Nbd7 9. h3 Bh5 10. Nc3 Bb4 11. Qb3 O-O 12. Rac1 Bxc3 13. Qxc3 Qxc3 14. Rxc3 c5
15. dxc5 Nxc5 16. g4 Bg6 17. Ne5 Rfd8 18. Nxg6 hxg6 19. f3 a5 20. Kf2 Nfd7 21.
Rd1 e5 22. Be3 f5 23. Rd5 Rac8 24. Rc2 Re8 25. Rcd2 f4 26. Bxc5 Nxc5 27. Rd1
Kf7 28. b3 Kf6 29. Bd3 Red8 30. Bc2 Ne6 31. Rxa5 Rxd1 32. Bxd1 Rd8 33. Ke1 Rd3
34. Rb5 Re3+ 35. Kf2 Rd3 36. Ke1 Re3+ 37. Kf2 Rd3 1/2-1/2

[Event "20. Abierto de la Constitucion 2018"]
[Site "S. S. de los Reyes ESP"]
[Date "2018.12.02"]
[Round "2.13"]
[White "Rodriguez Garcia, Alberto"]
[Black "Cabanas Bravo, Juan Andres"]
[Result "1/2-1/2"]
[WhiteElo "1781"]
[BlackElo "1963"]
[PlyCount "65"]
[EventDate "2018.12.01"]
[EventType "swiss"]
[EventRounds "9"]
[EventCountry "ESP"]
[SourceTitle "Ajedrez en Madrid"]
[Source "lmi"]
[SourceDate "2018.12.01"]

1. d4 Nf6 2. c4 c5 3. d5 b5 4. cxb5 a6 5. bxa6 d6 6. Nc3 Bxa6 7. g3 g6 8. Bg2
Bg7 9. Nf3 O-O 10. O-O Nbd7 11. Qc2 Ra7 12. Rd1 Qa8 13. Rb1 Rb8 14. b3 Ng4 15.
Bb2 Rab7 16. Ne4 Bxb2 17. Rxb2 Qa7 18. h3 Nh6 19. e3 Nf5 20. g4 Ng7 21. Bf1 Rb6
22. Bxa6 Rxa6 23. Ned2 Ra8 24. a4 Qb7 25. Nc4 Nb6 26. Nxb6 Rxb6 27. Rd2 e6 28.
e4 exd5 29. Rxd5 Rxa4 30. Rxd6 Ra1+ 31. Rd1 Rxd1+ 32. Qxd1 Ne6 33. Qd3 1/2-1/2

[Event "20. Abierto de la Constitucion 2018"]
[Site "S. S. de los Reyes ESP"]
[Date "2018.12.02"]
[Round "2.14"]
[White "Martinez Miura, Enrique"]
[Black "Perez Gonzalez, Jose Manuel"]
[Result "0-1"]
[WhiteElo "1627"]
[BlackElo "2221"]
[PlyCount "42"]
[EventDate "2018.12.01"]
[EventType "swiss"]
[EventRounds "9"]
[EventCountry "ESP"]
[SourceTitle "Ajedrez en Madrid"]
[Source "lmi"]
[SourceDate "2018.12.01"]

1. e4 d6 2. d4 Nf6 3. Nc3 g6 4. Nf3 Bg7 5. Bd3 Bg4 6. h3 Bxf3 7. Qxf3 Nc6 8.
Bb5 O-O 9. Bxc6 bxc6 10. O-O Rb8 11. Rb1 Nd7 12. Be3 Qc8 13. Qe2 Qb7 14. f4 c5
15. d5 Bxc3 16. bxc3 Qxb1 17. Rxb1 Rxb1+ 18. Kh2 Rfb8 19. Qg4 Nf6 20. Qg5 Re1
21. Bd2 Rxe4 0-1

[Event "20. Abierto de la Constitucion 2018"]
[Site "S. S. de los Reyes ESP"]
[Date "2018.12.02"]
[Round "2.15"]
[White "Lorenzo Bailador, Alfredo"]
[Black "Gallego Romero, Manuel"]
[Result "1-0"]
[WhiteElo "2044"]
[BlackElo "1478"]
[PlyCount "55"]
[EventDate "2018.12.01"]
[EventType "swiss"]
[EventRounds "9"]
[EventCountry "ESP"]
[SourceTitle "Ajedrez en Madrid"]
[Source "lmi"]
[SourceDate "2018.12.01"]

1. e4 e5 2. Nf3 Nc6 3. d4 Bd6 4. c3 a6 5. Bc4 h6 6. O-O Nf6 7. dxe5 Bxe5 8.
Nxe5 Nxe5 9. Bb3 O-O 10. f4 Nc6 11. e5 Nh7 12. Be3 Re8 13. Bc5 b6 14. Ba3 Na7
15. Bxf7+ Kh8 16. Qh5 Bb7 17. Nd2 c5 18. Bxe8 Qxe8 19. Qxe8+ Rxe8 20. Nc4 Re6
21. Rad1 Rg6 22. Rf2 Nf8 23. Nd6 Bc6 24. b4 Ne6 25. f5 Ba4 26. Rdd2 Rg5 27.
fxe6 dxe6 28. Nf7+ 1-0

[Event "20. Abierto de la Constitucion 2018"]
[Site "S. S. de los Reyes ESP"]
[Date "2018.12.02"]
[Round "2.16"]
[White "Lozano Hernanz, Rodrigo"]
[Black "Montiel Miguelez, Manuel"]
[Result "0-1"]
[WhiteElo "1318"]
[BlackElo "1814"]
[PlyCount "34"]
[EventDate "2018.12.01"]
[EventType "swiss"]
[EventRounds "9"]
[EventCountry "ESP"]
[SourceTitle "Ajedrez en Madrid"]
[Source "lmi"]
[SourceDate "2018.12.01"]

1. e4 c5 2. Nf3 d6 3. Nc3 Nf6 4. h3 e6 5. d4 cxd4 6. Nxd4 a6 7. Be2 Qc7 8. Be3
Nbd7 9. Nb3 b5 10. a3 Bb7 11. f3 Rc8 12. Rc1 Be7 13. Na2 d5 14. exd5 Nxd5 15.
Bd2 Qg3+ 16. Kf1 Nc5 17. Be1 Ne3+ 0-1

[Event "20. Abierto de la Constitucion 2018"]
[Site "S. S. de los Reyes ESP"]
[Date "2018.12.02"]
[Round "2.17"]
[White "Campos Rodriguez, Alvaro"]
[Black "Martinez-Paul Exposito, Ignacio Jesus"]
[Result "1-0"]
[WhiteElo "1706"]
[BlackElo "1192"]
[PlyCount "106"]
[EventDate "2018.12.01"]
[EventType "swiss"]
[EventRounds "9"]
[EventCountry "ESP"]
[SourceTitle "Ajedrez en Madrid"]
[Source "lmi"]
[SourceDate "2018.12.01"]

1. e4 e5 2. f4 exf4 3. Nf3 Nf6 4. e5 Nd5 5. Bc4 Nb6 6. Bb3 Nc6 7. d4 g6 8. Bxf4
d5 9. exd6 Bxd6 10. Bg5 Ne7 11. Bf6 Rg8 12. Ng5 Be6 13. Nxe6 fxe6 14. Bxe6 Rf8
15. O-O Nd7 16. Bg5 c6 17. Rxf8+ Nxf8 18. Bb3 Qc7 19. Bxe7 Qxe7 20. Nd2 O-O-O
21. Qg4+ Nd7 22. Rf1 Rf8 23. Rxf8+ Qxf8 24. Ne4 Kc7 25. Nxd6 Qxd6 26. Qg3 Qxg3
27. hxg3 Kd6 28. Kf2 Nf6 29. Ke3 b5 30. a4 a5 31. axb5 cxb5 32. c4 a4 33. c5+
Kc6 34. Bc2 Nd5+ 35. Kf3 Nf6 36. Ke3 Nd5+ 37. Ke4 Ne7 38. Ke5 Kd7 39. d5 h5 40.
c6+ Nxc6+ 41. dxc6+ Kxc6 42. Bxg6 b4 43. Be8+ Kc5 44. Bxa4 Kc4 45. b3+ Kc3 46.
Kf5 Kb2 47. Kg5 Ka3 48. Kxh5 Ka2 49. g4 Ka1 50. g5 Ka2 51. g6 Ka1 52. g7 Ka2
53. g8=Q Ka3 1-0